ბათუმის შოთა რუსთაველის სახელმწიფო უნივერსიტეტის ბიბლიოთეკა

ქართველი მწერლები და ხალხური შემოქმედება. წ. 2 (ბიბ.ჩანაწერი № 55890)

000 -LEADER
fixed length control field 01029nam a2200241Ia 4500
001 - CONTROL NUMBER
control field 22988
003 - CONTROL NUMBER IDENTIFIER
control field GE_BSU
008 - FIXED-LENGTH DATA ELEMENTS--GENERAL INFORMATION
fixed length control field 181216s||||||||xx |||||||||||||| ||und||
040 ## - CATALOGING SOURCE
Transcribing agency GE_BSU
080 ## - UNIVERSAL DECIMAL CLASSIFICATION NUMBER
Universal Decimal Classification number 821.353.1-91.09+398.2(479.22)
100 ## - MAIN ENTRY--PERSONAL NAME
Personal name სიხარულიძე,ქსენია
245 ## - TITLE STATEMENT
Title ქართველი მწერლები და ხალხური შემოქმედება. წ. 2
245 ## - TITLE STATEMENT
Statement of responsibility, etc. რედ. რ. ორჯონიკიძე
260 ## - PUBLICATION, DISTRIBUTION, ETC.
Place of publication, distribution, etc. თბილისი
260 ## - PUBLICATION, DISTRIBUTION, ETC.
Name of publisher, distributor, etc. საბჭ. საქართველო
260 ## - PUBLICATION, DISTRIBUTION, ETC.
Date of publication, distribution, etc. 1966
300 ## - PHYSICAL DESCRIPTION
Extent 249 გვ. 21სმ.
300 ## - PHYSICAL DESCRIPTION
Accompanying material ბიბლიოგრაფია ტექსტის შენიშვნებში.
653 ## - INDEX TERM--UNCONTROLLED
Uncontrolled term ქართველი მწერლები და ხალხური შემოქმედება. წ. 2
653 ## - INDEX TERM--UNCONTROLLED
Uncontrolled term ქართული ხალხური სიტყვიერება
942 ## - ADDED ENTRY ELEMENTS (KOHA)
Koha item type წიგნი
ეგზემპლარები
Withdrawn status Lost status Damaged status Not for loan Date acquired Barcode Date last seen Price effective from Koha item type
        2018-12-17 58401 2018-12-17 2018-12-17 წიგნი